Iyo no densetsu /
Saved in:
| Main Author: | |
|---|---|
| Other Authors: | |
| Format: | Book |
| Language: | Japanese |
| Published: |
Tōkyō :
Kadokawa Shoten,
1979.
|
| Series: | Nihon no densetsu ;
36. |
| Subjects: | |
| Tags: |
Add Tag
No Tags, Be the first to tag this record!
|
| LEADER | 01258nam a2200349 i 4500 | ||
|---|---|---|---|
| 001 | 007729014-3 | ||
| 005 | 20024617122053.0 | ||
| 008 | 980306s1979 ja abf b 000 0 jpn | ||
| 010 | |a 80800011 /J | ||
| 015 | |a Ja79-18937 | ||
| 035 | 0 | |a ocm38558879 | |
| 040 | |a DLC |c *YNH* |d CStRLIN | ||
| 050 | 0 | 0 | |a GR341.E35 |b W28 |
| 100 | 1 | |6 880-01 |a Wada, Yoshitaka, |d 1929- | |
| 245 | 1 | 0 | |6 880-02 |a Iyo no densetsu / |c Wada Yoshitaka, Murakami Mamoru. |
| 260 | |6 880-03 |a Tōkyō : |b Kadokawa Shoten, |c 1979. | ||
| 300 | |a 252 p., [1] leaf of plates : |b ill. ; |c 19 cm. | ||
| 490 | 1 | |6 880-04 |a Nihon no densetsu ; |v 36 | |
| 500 | |6 880-05 |a "Iyo densetsu chizu" (1 folded leaf) inserted. | ||
| 504 | |a Includes bibliographical references. | ||
| 650 | 0 | |a Legends |z Japan |z Ehime-ken. | |
| 700 | 1 | |6 880-06 |a Murakami, Mamoru, |d 1941- | |
| 880 | 1 | |6 100-01 |a 和田良誉, |d 1929- | |
| 880 | 1 | 0 | |6 245-02 |a 伊予の伝說 / |c 和田良誉, 村上護. |
| 880 | |6 260-03 |a 東京 : |b 角川書店, |c 1979. | ||
| 880 | 1 | |6 490-04 |a 日本の伝說 ; |v 36 | |
| 880 | |6 500-05 |a "伊予伝說地図" (1 folded leaf) inserted. | ||
| 880 | 1 | |6 700-06 |a 村上護, |d 1941- | |
| 830 | 0 | |6 880-54 |a Nihon no densetsu ; |v 36. | |
| 880 | 0 | |6 830-54 |a 日本の伝說 ; |v 36. | |
| 988 | |a 20021221 | ||
| 906 | |0 DLC | ||


